Manual práctico de contratación comercial (Registro nro. 136)
[ vista simple ]
| 000 -LEADER | |
|---|---|
| fixed length control field | 02268 a2200241 4500 |
| 001 - CONTROL NUMBER | |
| control field | 176 |
| 005 - DATE AND TIME OF LATEST TRANSACTION | |
| control field | 20260407155414.0 |
| 008 - FIXED-LENGTH DATA ELEMENTS--GENERAL INFORMATION | |
| fixed length control field | 260407a1996 arg spa d |
| 003 - CONTROL NUMBER IDENTIFIER | |
| control field | AR-UNSa-BCEJYS |
| 040 ## - CATALOGING SOURCE | |
| Original cataloging agency | AR-UNSa-BCEJYS |
| Language of cataloging | spa |
| Transcribing agency | AR-UNSa-BCEJYS |
| 080 ## - UNIVERSAL DECIMAL CLASSIFICATION NUMBER | |
| Universal Decimal Classification number | 347.74 |
| Common auxiliary subdivision | Contratos mercantiles (comerciales...leasing)) |
| 020 ## - INTERNATIONAL STANDARD BOOK NUMBER | |
| International Standard Book Number | 978-950-739-451-5 |
| 041 ## - LANGUAGE CODE | |
| Language code of text/sound track or separate title | spa |
| 100 1# - MAIN ENTRY--PERSONAL NAME | |
| Personal name | Fernandez Madrid, Horacio |
| 245 10 - TITLE STATEMENT | |
| Title | Manual práctico de contratación comercial |
| 264 #1 - PRODUCTION, PUBLICATION, DISTRIBUTION, MANUFACTURE, AND COPYRIGHT NOTICE | |
| Place of production, publication, distribution, manufacture | Buenos Aires : |
| Name of producer, publisher, distributor, manufacturer | Errepar |
| Date of production, publication, distribution, manufacture, or copyright notice | 1996 |
| 300 ## - PHYSICAL DESCRIPTION | |
| Extent | 2 v. (626 ; 613 p.) |
| Dimensions | 27 cm. |
| 505 ## - FORMATTED CONTENTS NOTE | |
| Formatted contents note | Vol. I: 1. Aspectos generales - 2. Agencia - 3. Ahorro por círculo cerrado para fines determinados. Compra de automotores - 4. Alquileres - 5. Artistas - 6. Automotores - 7. Aval - 8. Cesión de créditos y bienes - 9. Compraventas maritimas - 10. Compraventa mercantil - 11. Compraventa de un avión - 12. Adquisición de una demolición - 13. Conseción comercial - 14. Concesión de espacios - 15. Consiganción o contrato estimatorio - 16. Contrato de consesión para embotellador exclusivo - 17. Construcciones - 18. Corredores - 19. Countries (Clubes campestres) - 20. Distribución - 21. Contratos de edición -- Vol. II: 22. Emprendimientos industriales "llave en mano" - 23. Factoring - 24. Fianza y carta de crédito - 25. Fideicomiso - 26. Fletamento de aeronaves - 27. Franquicia (Franchising) - 28. Garajes - 29. Internación en institutos geriátricos - 30. Leasing - 31. Mandato comercial - 32. Marcas y patentes - 33. Martilleros - 34. Mutuo - 35. Permuta - 36. Prenda - 37. Prestamo de uso o comodato - 38. Propiedad horizontal - 39. Contratos publicitarios - 40. Contrato de remolque - 41. Contrato de riesgo - 42. Contratos rurales - 43. Seguro de caución - 44. Servicios médicos - 45. Servicios para congresos internacionales - 46. Contrato de provisión de material (suministro comercial) - 47. Tarjeta de crédito - 48. Transferencia de fondos de comercio - 49. Contrato de transporte en general - 50. Contratos de transferencia de tecnología - 51. Turismo - 52. Contrato de underwriting - 53. Unión transitoria de empresas - |
| 590 ## - LOCAL NOTE (RLIN) | |
| Local note | niveau_biblio:m niveau_hierar:0 |
| 700 1# - ADDED ENTRY--PERSONAL NAME | |
| Personal name | Fernández Madrid, Juan Carlos |
| 700 1# - ADDED ENTRY--PERSONAL NAME | |
| Personal name | Caubet, Amanda Beatriz |
| 942 ## - ADDED ENTRY ELEMENTS (KOHA) | |
| Koha item type | |
| Withdrawn status | Lost status | Damaged status | Not for loan | Home library | Current library | Shelving location | Date acquired | Total checkouts | Full call number | Barcode | Date last seen | Price effective from | Koha item type |
|---|---|---|---|---|---|---|---|---|---|---|---|---|---|
| Biblioteca Prof. Eusebio Cleto del Rey | Biblioteca Prof. Eusebio Cleto del Rey | 07/04/2026 | 347.74 F362 v.1 | L117467 | 07/04/2026 | 07/04/2026 | Libro | ||||||
| Biblioteca Prof. Eusebio Cleto del Rey | Biblioteca Prof. Eusebio Cleto del Rey | 07/04/2026 | 347.74 F362 v.2 | L117468 | 07/04/2026 | 07/04/2026 | Libro |